Topics in Advanced Econometrics Probability Foundations

Salvato in:
Dettagli Bibliografici
Autore principale: Dhrymes, Phoebus J.
Natura: Libro
Lingua:inglese
Pubblicazione: New York Springer 1989
Edizione:1. ed.
Tags: Aggiungi Tag
Nessun Tag, puoi essere il primo ad aggiungerne!!

MARC

LEADER 00000nam a2200000 4500
001 c033231
005 20250515100719.7
041 0 |a eng 
044 |a US 
245 1 0 |a Topics in Advanced Econometrics  |b Probability Foundations  |c Phoebus J. Dhrymes 
250 |a 1. ed. 
264 1 |a New York  |b Springer  |c 1989 
300 |a 379 s. 
100 1 |a Dhrymes, Phoebus J.